Statistics for African Savanna Animals by Picture

Click here to take the quiz!

General Stats

  • This quiz has been taken 787 times
  • The average score is 10 of 15

Answer Stats

Answer% Correct
Elephant
100%
Lion
100%
Giraffe
94%
Zebra
94%
Cheetah
92%
Rhinoceros
91%
Ostrich
88%
Spotted hyena
87%
Leopard
84%
Warthog
70%
Jackal
40%
Impala
38%
Caracal
35%
Eland
16%
Hartebeest
11%

Score Distribution

Percentile by Number Answered

Percent of People with Each Score

Your Score History

You have not taken this quiz